Plaaslike regering : die pad na demokrasie (Record no. 184023)

MARC details
000 -LEADER
fixed length control field 00282nam a2200097Ia 4500
082 ## - DEWEY DECIMAL CLASSIFICATION NUMBER
Classification number 352.068 DEB
008 - FIXED-LENGTH DATA ELEMENTS--GENERAL INFORMATION
fixed length control field 210817s9999 xx 000 0 und d
100 ## - MAIN ENTRY--PERSONAL NAME
Personal name South Africa Claremont, 2011 3rd ed
9 (RLIN) 42135
245 #0 - TITLE STATEMENT
Title Plaaslike regering : die pad na demokrasie
942 ## - ADDED ENTRY ELEMENTS
item type Books
Holdings
Withdrawn status Lost status Damaged status Not for loan Home library Current library Date acquired Cost, normal purchase price Total Checkouts Barcode Date last seen Price effective from item type
        Jeremiah Madonsela Public Library Jeremiah Madonsela Public Library 18.08.2021 36.95   33228018071868 18.08.2021 18.08.2021 Books